000 00875aam a2200313 i 4500
001 262
003 CO-MdBIC
005 20211016095038.0
008 211016t1997 sp ||||| |||| 00| 0 eng d
020 _a84-8164-161-8
040 _bspa.
_aCO-MdFUSB
_cCO-MdFUSB
_dCO-MdFUSBC
_erda
041 _aspa
082 0 4 _aR 291.32 M778d
100 1 _aMontero, Santiago
245 1 0 _aDiccionario de adivinos, magos y astrólogos de la Antigüedad / Santiago Montero
_c/
260 _aMadrid, España : Trotta
264 1 _aMadrid, España :
_bTrotta,
_c[1997]
264 4 _c© 1997
300 _a323 Pag.
_c;
336 _2rdacontent
_atexto
_btxt
337 _2rdamedia
_asin mediación
_bn
338 _2rdacarrier
_avolumen
_bnc
653 _aDiccionario
653 _aAstrología
653 _aAdivinación
653 _aMagia
942 _cBK
945 _aEstudiante
999 _c31799
_d31799